Pokémon Donjon Mystère : Nommer les Pokémon que l'on peut incarner. - Statistiques

Statistiques générales
  • Ce quiz a été pris 48 fois
  • Le résultat moyen est 25 sur 30
Statistiques - réponses
Type de quiz Génération Équipe de Secours Rouge et Bleue Explorateurs du Temps et de l'Ombre Explorateurs du Ciel Méga Donjon Mystère Équipe de Secours DX Pokémon % Correct
Eau 1 PRÉSENT PRÉSENT PRÉSENT PRÉSENT PRÉSENT Carapuce
97%
Feu 1 PRÉSENT PRÉSENT PRÉSENT PRÉSENT PRÉSENT Salamèche
97%
Plante 3 PRÉSENT PRÉSENT PRÉSENT PRÉSENT PRÉSENT Arcko
94%
Plante/Poison 1 PRÉSENT PRÉSENT PRÉSENT PRÉSENT PRÉSENT Bulbizarre
94%
Eau 3 PRÉSENT PRÉSENT PRÉSENT PRÉSENT PRÉSENT Gobou
94%
Électrik 1 PRÉSENT PRÉSENT PRÉSENT PRÉSENT PRÉSENT Pikachu
94%
Feu 3 PRÉSENT PRÉSENT PRÉSENT PRÉSENT PRÉSENT Poussifeu
94%
Feu 2 PRÉSENT (GARÇON UNIQUEMENT) PRÉSENT PRÉSENT PRÉSENT PRÉSENT Héricendre
91%
Eau 2 PRÉSENT PRÉSENT PRÉSENT PRÉSENT PRÉSENT Kaiminus
91%
Feu 4 ABSENT PRÉSENT PRÉSENT PRÉSENT ABSENT Ouisticram
91%
Eau 4 ABSENT PRÉSENT PRÉSENT PRÉSENT ABSENT Tiplouf
91%
Plante 4 ABSENT PRÉSENT PRÉSENT PRÉSENT ABSENT Tortipouss
91%
Plante 2 PRÉSENT (FILLE UNIQUEMENT) PRÉSENT PRÉSENT PRÉSENT PRÉSENT Germignon
89%
Eau 5 ABSENT ABSENT ABSENT PRÉSENT ABSENT Moustillon
89%
Feu 5 ABSENT ABSENT ABSENT PRÉSENT ABSENT Gruikui
86%
Combat 1 PRÉSENT (GARÇON UNIQUEMENT) PRÉSENT ABSENT ABSENT PRÉSENT Machoc
83%
Plante 5 ABSENT ABSENT ABSENT PRÉSENT ABSENT Vipélierre
83%
Eau 6 ABSENT ABSENT ABSENT PRÉSENT ABSENT Grenousse
80%
Normal 3 PRÉSENT (FILLE UNIQUEMENT) PRÉSENT PRÉSENT (FILLE UNIQUEMENT) ABSENT PRÉSENT Skitty
80%
Feu 6 ABSENT ABSENT ABSENT PRÉSENT ABSENT Feunnec
77%
Feu 1 ABSENT ABSENT PRÉSENT (FILLE UNIQUEMENT) ABSENT ABSENT Goupix
77%
Plante 6 ABSENT ABSENT ABSENT PRÉSENT ABSENT Marisson
77%
Normal 1 PRÉSENT (GARÇON UNIQUEMENT) PRÉSENT PRÉSENT UNIQUEMENT EN PARTENAIRE) ABSENT PRÉSENT Miaouss
77%
Combat 4 ABSENT ABSENT PRÉSENT (GARÇON UNIQUEMENT) PRÉSENT ABSENT Riolu
77%
Normal 4 ABSENT PRÉSENT PRÉSENT UNIQUEMENT EN PARTENAIRE) ABSENT ABSENT Goinfrex
74%
Électrik 4 ABSENT ABSENT PRÉSENT (GARÇON UNIQUEMENT) ABSENT ABSENT Lixy
71%
Normal 1 PRÉSENT (FILLE UNIQUEMENT) PRÉSENT PRÉSENT (FILLE UNIQUEMENT) ABSENT PRÉSENT Évoli
69%
Sol 1 PRÉSENT PRÉSENT ABSENT ABSENT PRÉSENT Osselait
63%
Sol 2 ABSENT ABSENT PRÉSENT (GARÇON UNIQUEMENT) ABSENT ABSENT Phanpy
63%
Eau 1 PRÉSENT PRÉSENT ABSENT ABSENT PRÉSENT Psykokwak
60%
Aucun quiz correspondant
Distribution des résultats
% des personnes avec chaque résultat
Percentile par nombre de réponses
Votre historique - résultats
Vous n’avez pas pris ce quiz